| 000 | 00553nam a2200193 a 4500 | ||
|---|---|---|---|
| 005 | 20210219153422.0 | ||
| 008 | 991125n 000 0 spa u | ||
| 035 | _aUPN01000097938 | ||
| 100 | 1 |
_aAlvarez Barret, Luis, _d1901-1981 |
|
| 222 |
_aROSAS INFANTILES: _bREVISTA PEDAGOGICA INDEPENDIENTE |
||
| 245 | _aLa revolución mexicana y sus realizaciones educativas | ||
| 300 | _a28-29 | ||
| 362 | 0 | _a1972 No. 2, ago. | |
| 653 | 0 | _aEDUCACION BASICA | |
| 653 | 0 | _aEDUCACION RURAL | |
| 653 | 0 | _aHISTORIA | |
| 904 |
_aAC _b035749 |
||
| 905 | _aArticulo | ||
| 999 |
_c76381 _d76381 |
||